Local search in combinatorial optimization
Uloženo v:
| Hlavní autoři: | , |
|---|---|
| Médium: | Kniha |
| Jazyk: | angličtina |
| Vydáno: |
Princeton
Princeton University
2003
|
| Témata: | |
| Tagy: |
Přidat tag
Žádné tagy, Buďte první, kdo vytvoří štítek k tomuto záznamu!
|
MARC
| LEADER | 00000nam a2200000 a 4500 | ||
|---|---|---|---|
| 001 | UCL4952 | ||
| 003 | CL-VaPUC | ||
| 008 | 040227e20030000us |||||||||||||||||eng|d | ||
| 020 | |a 0691115222 | ||
| 082 | 0 | 4 | |a 519.7 |b AAR |2 21 |
| 100 | 0 | |a Aarts, Emile |e author |9 482679 | |
| 700 | 0 | |a Lenstra, Jan Karel |e author |9 482680 | |
| 245 | 1 | 0 | |a Local search in combinatorial optimization |
| 300 | |a 512 p | ||
| 942 | |c BK | ||
| 945 | |d 20040227 00:00:00 |a cmena | ||
| 260 | |a Princeton |b Princeton University |c 2003 | ||
| 650 | 0 | |a Programación heurística |9 419164 | |
| 650 | 0 | |a Algoritmos |9 260639 | |
| 650 | 0 | |a Optimización combinatoria |9 263745 | |
| 583 | |a last modification |c 20171205 02:08:04 |k Rodrigo Vera | ||
| 999 | |c 307699 |d 307697 | ||
| 952 | |0 0 |1 0 |4 0 |6 519_700000000000000_AAR_2003 |7 0 |8 A |9 373765 |a BIBING |b BIBING |d 2019-11-21 |i 3984842 |l 4 |o 519.7 AAR 2003 |p 3984842 |q 2022-12-16 |r 2022-08-31 |s 2022-08-31 |w 2019-11-21 |y BK |k EII | ||